Βασιλικόν διάταγμα : περί των έργων των διοικητικών επιτροπών κ.λ.π. των ταμείων εκπαιδευτικής πρόνοιας
Αποθηκεύτηκε σε:
| Συγγραφή απο Οργανισμό/Αρχή: | |
|---|---|
| Μορφή: | Βιβλίο |
| Γλώσσα: | Greek |
| Δημοσίευση: |
Εν Αθήναις :
Εκ του Εθνικού Τυπογραφείου,
1923.
|
| Θέματα: | |
| Διαθέσιμο Online: | http://hdl.handle.net/11610/16856 |
| Ετικέτες: |
Προσθήκη ετικέτας
Δεν υπάρχουν, Καταχωρήστε ετικέτα πρώτοι!
|
MARC
| LEADER | 00000cam a2200000 a 4500 | ||
|---|---|---|---|
| 001 | 1/108601 | ||
| 008 | 150914s1923####gr | ||| |||| ||gre|| | ||
| 040 | |a GR-MyUa |b gre |c GR-MyUa |e AACR2 | ||
| 041 | 0 | |a gre | |
| 082 | 7 | |a 344.07 |2 (23) | |
| 110 | 2 | |a Υπουργείον εκκλησιαστικών και της δημόσιας εκπαιδεύσεως |b Τμήμα Αρχιτεκτονικόν. | |
| 245 | 1 | 0 | |a Βασιλικόν διάταγμα : |b περί των έργων των διοικητικών επιτροπών κ.λ.π. των ταμείων εκπαιδευτικής πρόνοιας / |c Υπουργείον εκκλησιαστικών και της δημόσιας εκπαιδεύσεως. |
| 260 | |a Εν Αθήναις : |b Εκ του Εθνικού Τυπογραφείου, |c 1923. | ||
| 300 | |a 14 σ. ; |b 22 εκ. | ||
| 500 | |a Στη σ. τ. υπάρχει ιδιόχειρη σημείωση "Δημοτικόν Σχολείον Μεσαίου Καρλοβάσου". | ||
| 500 | |a Υπάρχει ψηφιακό αντίγραφο. | ||
| 650 | 0 | |a Educational law and legislation |z Greece. | |
| 650 | 0 | |a Jurisprudence |x History |z Greece. | |
| 852 | |a INST |b SAMOS |c PORFYRIADA |e 20150914 |h 344.07 ΥΠΟ |p 005300042674 |q 005300042674 |t NOLOAN |y 23 | ||
| 856 | |u http://hdl.handle.net/11610/16856 | ||
| 970 | |a Σιτζίμη |b Γιασεμή |z 14/09/2015 | ||